000 00915nam a2200253 i 4500
001 8298
003 ES-MaACL
005 20230906145428.0
007 t|
008 920430s1991 sp ||||1| spa d
020 _a84-7846-093-4
080 _a86(Juan de la Cruz,S.1.06)
080 _a92 Juan de la Cruz, Santo
080 _a235.3:92 Juan de la Cruz, Santo
100 1 _aBaruzi, Jean.
_926215
245 1 0 _aSan Juan de la Cruz y el problema de la experiencia mística /
_cJean Baruzi.
260 _a[S.l.] :
_bJunta de Castilla y León, Consejería de Cultura y Turismo,
_cD.L. 1991.
300 _a724 p. ;
_c24 cm.
500 _aBibliogr.: p. 691-712.
600 1 4 _aJuan de la Cruz
_cSanto-
_xBiografías.
_967111
600 1 4 _aJuan de la Cruz
_cSanto-
_xCrítica e interpretación.
_967112
710 1 _aCastilla y León.
_bConsejería de Cultura y Turismo.
_92499
852 _aES-MaACL
_jL-15676
_bR.120140
999 _c8298
_d8298